LEADER 01108nam0 22002531i 450 001 UON00005665 005 20260320074313.743 100 $a20020107d1985 |0itac50 ba 101 $aita 102 $aIT 105 $a|||| 1|||| 200 1 $aˆLa ‰cartografia storica territoriale delle Marche (1561- 1851)$ecome supporto conoscitivo-espositivo ai fini geografico-economici$fFrancesco Bonasera 210 $aRoma$cPaleani Editrice$d1985 215 $a109 p.$cill.$d24 cm. 410 1$1001UON00005677$12001 $aRaccolta di Studi sui Beni Culturali ed Ambientali delle Marche$v9 620 $aIT$dRoma$3UONL000004 686 $aGEO VIII B 1$cGEO-CARTOGRAFIA STORICA$2A 700 1$aBonasera$bFrancesco$3UONV004748$00 712 $aPaleani$3UONV260633$4650 801 $aIT$bSOL$c20260327$gRICA 899 $aSIBA - SISTEMA BIBLIOTECARIO DI ATENEO E ARCHIVIO STORICO$2UONSI 912 $aUON00005665 950 $aSIBA - SISTEMA BIBLIOTECARIO DI ATENEO E ARCHIVIO STORICO$dSI VII GEO A 0350 $eSI SA 72585 5 0350 997 $aUNIOR